|
|
|
|
| LEADER |
00841cam a2200241 7i4500 |
| 001 |
0000005024 |
| 005 |
20251027090000.0 |
| 020 |
|
|
|a 0736042431 (hbk.)
|
| 020 |
|
|
|a 9780736042437 (hbk.)
|
| 090 |
0 |
0 |
|a GV713
|b .P37 2003
|
| 100 |
1 |
|
|a Parks, Janet B.
|
| 245 |
1 |
0 |
|a Contemporary sport management
|c Janet B. Parks, Jerome Quarterman.
|
| 250 |
|
|
|a 2nd ed.
|
| 260 |
|
|
|a USA.:
|b Human Kinetics,
|c 2003.
|
| 300 |
|
|
|a xi, 435 p.:
|b ill.;
|c 29 cm.
|
| 504 |
|
|
|a Includes bibliographical references and index
|
| 650 |
0 |
0 |
|a Physical education and training --
|x Administration
|
| 650 |
0 |
0 |
|a Sports administration
|
| 700 |
1 |
|
|a Parks, Janet B.
|
| 700 |
1 |
|
|a Quarterman, Jerome
|
| 998 |
|
|
|a Sport Management Industry, Diploma
|
| 999 |
|
|
|a 0000004087
|b BOK
|c OPEN SHELF
|e 1st Floor, Shah Alam
|
| 999 |
|
|
|a 0000006082
|b BOK
|c OPEN SHELF
|e 1st Floor, Shah Alam
|